| 000 | 01098nam a2200277 i 4500 | ||
|---|---|---|---|
| 001 | 178858 | ||
| 003 | ES-MaACL | ||
| 005 | 20230911122943.0 | ||
| 008 | 110720s2000 sp aeo |||| |dspa d | ||
| 020 | _a84-338-2571-2 | ||
| 080 | _a712.25(460.357 G.) | ||
| 100 | 1 |
_aTito Rojo, José. _9147397 |
|
| 245 | 1 | 3 |
_aEl Carmen de la Victoria _b: un jardín regionalista en el contexto de la historia de los Cármenes de Granada / _cJosé Tito Rojo, Manuel Casares Porcel. |
| 260 |
_aGranada : _bEditorial Universidad de Granada, _c[2000] |
||
| 300 |
_a184 p., [4] h. pleg. de lám. planos : _bil. col. y n., fot., planos ; _c24 cm + _e[1] h. pleg. de lám. |
||
| 490 | 1 |
_aHistoria y patrimonio ; _v9 |
|
| 504 | _aBibliografía: p. 175-179. | ||
| 650 | 7 |
_aJardines- _zGranada. _9147398 |
|
| 650 | 4 |
_aJardines botánicos- _zEspaña. _9141829 |
|
| 700 | 1 |
_aCasares, Manuel. _9147399 |
|
| 710 | 2 |
_aUniversidad de Granada. _97176 |
|
| 830 | 0 |
_aHistoria y patrimonio ; _v9 _9224357 |
|
| 852 |
_aES-MaACL _9185723 _bR.145966 _jA-11369 _dOlim: N-4373 _cDEPO1 |
||
| 942 | _2udc | ||
| 999 |
_c178858 _d178858 |
||